[Event "FIDE World Rapid Team"]
[Site "London ENG"]
[Date "2025.06.11"]
[Round "4.6"]
[White "Ziems, Michael"]
[Black "Mesropyan, Hayk"]
[Result "1-0"]
[WhiteElo "1904"]
[BlackElo "1866"]
[WhiteTeam "Berlin Chess Federation"]
[BlackTeam "ANI"]
[WhiteFideId "24678490"]
[BlackFideId "499455"]
[EventDate "2025.06.11"]
[EventType "team"]

1. d4 d5 2. c4 e6 3. Nc3 Nf6 4. Bf4 Be7 5. e3 O-O 6. Nf3 b6 7. Rc1 Bb7 8. a3 c5
9. Be2 Nc6 10. O-O Re8 11. Nb5 Rc8 12. dxc5 bxc5 13. h3 a6 14. Nc3 d4 15. exd4
Nxd4 16. Re1 Qb6 17. Nxd4 cxd4 18. Na4 Qa7 19. b4 e5 20. Bxe5 Bxb4 21. Bxd4 Bc5
22. Nxc5 Rxc5 23. Qa4 Bxg2 24. Bxf6 Rec8 25. Bd4 Qa8 26. Bxc5 h5 27. Bd6 Bxh3
28. Bf1 Bxf1 29. Rxf1 Qf3 30. Rfe1 Qg4+ 31. Bg3 h4 32. Re8+ Kh7 33. Qc2+ g6 34.
Re4 Qg5 35. Rxh4+ Kg7 36. Qc3+ f6 37. Rd1 Rc7 38. Qd2 1-0

[Event "FIDE World Rapid Team"]
[Site "London ENG"]
[Date "2025.06.11"]
[Round "4.1"]
[White "Skytte, Rasmus"]
[Black "Sedykh, Mikhail"]
[Result "1/2-1/2"]
[WhiteTitle "IM"]
[WhiteElo "2367"]
[BlackElo "2159"]
[WhiteTeam "Danish Futures"]
[BlackTeam "Desert Penguins"]
[WhiteFideId "1404210"]
[BlackFideId "447498"]
[EventDate "2025.06.11"]
[EventType "team"]

1. d4 d5 2. c4 e6 3. Nc3 Be7 4. Nf3 Nf6 5. Bg5 h6 6. Bxf6 Bxf6 7. e3 O-O 8. Rc1
c5 9. dxc5 dxc4 10. Qxd8 Rxd8 11. Bxc4 Na6 12. Bxa6 bxa6 13. c6 a5 14. b3 Ba6
15. Na4 Rac8 16. Nd2 Be7 17. Nc4 Rxc6 18. O-O Rdc8 19. Nab2 a4 20. Rb1 a3 21.
Nd3 Bxc4 22. bxc4 Rxc4 23. g3 Rc2 24. Rb7 Bf6 25. Rxa7 Rxa2 26. Rb1 Rc3 27. Rb8+
Kh7 28. Nf4 Rcc2 29. Rba8 Rxf2 30. Rxa3 Rac2 31. Rd3 Rxh2 32. Ra7 Rhd2 33. Rxd2
Rxd2 34. Rxf7 Ra2 35. Nxe6 1/2-1/2

[Event "FIDE World Rapid Team"]
[Site "London ENG"]
[Date "2025.06.11"]
[Round "4.2"]
[White "Madan, Augustin"]
[Black "Kistrup, Nicolai"]
[Result "0-1"]
[WhiteTitle "IM"]
[BlackTitle "IM"]
[WhiteElo "2259"]
[BlackElo "2381"]
[WhiteTeam "Desert Penguins"]
[BlackTeam "Danish Futures"]
[WhiteFideId "1210327"]
[BlackFideId "1444816"]
[EventDate "2025.06.11"]
[EventType "team"]

1. d4 Nf6 2. c4 e6 3. Nf3 b6 4. a3 Bb7 5. Nc3 d5 6. cxd5 Nxd5 7. e3 Nxc3 8. bxc3
Be7 9. Bb5+ c6 10. Bd3 c5 11. O-O O-O 12. Qc2 h6 13. Bh7+ Kh8 14. Be4 Qc7 15. a4
Nc6 16. Ba3 Na5 17. Bxb7 Nxb7 18. Qe2 Na5 19. Qb5 Rac8 20. Rab1 Rfd8 21. Ne5 Bd6
22. f4 Kg8 23. Nc4 Nxc4 24. Qxc4 Qb7 25. Qe2 Qe4 26. Rbd1 Bf8 27. Bc1 cxd4 28.
cxd4 Rc2 29. Qf3 Qxf3 30. Rxf3 Rdc8 31. Bd2 Ra2 32. Be1 Rxa4 33. f5 Rac4 34.
fxe6 fxe6 35. Kf1 Rc1 36. Ke2 R1c2+ 37. Rd2 b5 38. Kd1 Rc1+ 39. Ke2 Bb4 40. Rd1
R8c2+ 0-1

[Event "FIDE World Rapid Team"]
[Site "London ENG"]
[Date "2025.06.11"]
[Round "4.3"]
[White "Nilssen, Ellen Fredericia"]
[Black "Bansal, Saahil"]
[Result "1-0"]
[WhiteTitle "WIM"]
[WhiteElo "2160"]
[BlackElo "1979"]
[WhiteTeam "Danish Futures"]
[BlackTeam "Desert Penguins"]
[WhiteFideId "1441230"]
[BlackFideId "438316"]
[EventDate "2025.06.11"]
[EventType "team"]

1. d4 d5 2. c4 e6 3. Nc3 Be7 4. cxd5 exd5 5. Bf4 Nf6 6. e3 c6 7. Bd3 O-O 8. h3
Nbd7 9. Nf3 Re8 10. Qc2 Nf8 11. O-O-O Ne6 12. Be5 h6 13. g4 b5 14. Rhg1 b4 15.
Na4 Nd7 16. Qxc6 Nxe5 17. Nxe5 Ng5 18. Qxa8 Qa5 19. Qc6 Rd8 20. Qb5 Qc7+ 21. Kb1
Nxh3 22. Rc1 Qd6 23. Rg3 Nxf2 24. Rc6 a6 25. Qb6 1-0

[Event "FIDE World Rapid Team"]
[Site "London ENG"]
[Date "2025.06.11"]
[Round "4.4"]
[White "Bharat Kumar, Balahari"]
[Black "Skytte, Robert"]
[Result "1-0"]
[BlackTitle "CM"]
[WhiteElo "2052"]
[BlackElo "2015"]
[WhiteTeam "Desert Penguins"]
[BlackTeam "Danish Futures"]
[WhiteFideId "496464"]
[BlackFideId "1471775"]
[EventDate "2025.06.11"]
[EventType "team"]

1. d4 d5 2. c4 e6 3. Nc3 c5 4. e3 Nc6 5. Nf3 Nf6 6. a3 a6 7. dxc5 Bxc5 8. b4 Ba7
9. Bb2 O-O 10. Be2 dxc4 11. Bxc4 b5 12. Be2 Bb7 13. O-O Qe7 14. Qb3 Rfd8 15.
Rfd1 Rac8 16. Rac1 h6 17. h3 Bb8 18. Bd3 Ne5 19. Nxe5 Bxe5 20. a4 bxa4 21. Qxa4
Nh5 22. f4 Bxf4 23. exf4 Nxf4 24. Bf1 Qg5 25. Qc2 Nxh3+ 26. Kh2 Nf4 27. Qf2 Rxd1
28. Rxd1 Qh5+ 29. Kg1 Qg4 30. Kh2 Kh7 31. Rd2 a5 32. bxa5 Ra8 33. a6 Bxa6 34.
Bxa6 Rxa6 35. Qg3 Qh5+ 36. Kg1 Qc5+ 37. Kh2 Nh5 38. Qd3+ g6 39. Qxa6 Qe5+ 40.
Kg1 Qe3+ 41. Rf2 Nf4 42. Qf1 Nd3 43. Qe2 Qxf2+ 44. Qxf2 Nxf2 45. Kxf2 g5 46. Ne4
Kg6 47. Kf3 h5 48. Bf6 g4+ 49. Kf4 Kh6 50. Ke5 Kg6 51. Nd6 h4 52. Bxh4 f5 53.
Bg3 Kg5 54. Bf4+ Kh4 55. g3+ Kh5 56. Kf6 e5 57. Kxe5 Kg6 58. Nxf5 Kh5 59. Ne3
Kg6 60. Nxg4 Kh5 61. Nf6+ Kg6 62. g4 Kg7 63. Kf5 Kf7 64. g5 Kg7 65. g6 Kh8 66.
Be5 Kg7 67. Ng4+ Kg8 68. Nh6+ Kf8 69. g7+ Ke7 70. g8=Q Kd7 71. Qe6+ Kd8 72. Nf7# 1-0

[Event "FIDE World Rapid Team"]
[Site "London ENG"]
[Date "2025.06.11"]
[Round "4.5"]
[White "Derlich, Sarah Sima"]
[Black "Ding, Yiwen"]
[Result "1-0"]
[WhiteTitle "WCM"]
[WhiteElo "1926"]
[BlackElo "1844"]
[WhiteTeam "Danish Futures"]
[BlackTeam "Desert Penguins"]
[WhiteFideId "1469290"]
[BlackFideId "495980"]
[EventDate "2025.06.11"]
[EventType "team"]

1. e4 c6 2. d4 d5 3. exd5 cxd5 4. Bd3 Nc6 5. c3 Nf6 6. Bf4 g6 7. Nf3 Bf5 8. O-O
Bxd3 9. Qxd3 Bg7 10. Nbd2 O-O 11. Rfe1 e6 12. Ne5 Rc8 13. Qb5 Qe7 14. h3 Nh5 15.
Bh2 Nxe5 16. dxe5 Bh6 17. Nf3 a6 18. Qb3 Qc5 19. Rad1 b5 20. Rd4 Ng7 21. g4 Qe7
22. Bg3 Ne8 23. Bh4 Qc7 24. Qb4 Ng7 25. Be7 Rfe8 26. Bd6 Qd8 27. h4 Rc6 28. Rd3
f6 29. Bc5 Qc7 30. Bd4 Rc4 31. Qb3 Rxd4 32. cxd4 Qf7 33. exf6 Qxf6 34. g5 Bxg5
35. hxg5 Qf5 36. Rde3 Nh5 37. Nh2 Qxg5+ 38. Rg3 Nxg3 39. Qxg3 Qd2 40. Qe5 Qh6
41. Ng4 Qh4 42. Nf6+ Kf7 43. Nxe8 Qg4+ 44. Qg3 Qxg3+ 45. fxg3 1-0

[Event "FIDE World Rapid Team"]
[Site "London ENG"]
[Date "2025.06.11"]
[Round "4.6"]
[White "Ding, Yihua"]
[Black "Andries, Leia"]
[Result "0-1"]
[WhiteElo "1536"]
[BlackElo "1830"]
[WhiteTeam "Desert Penguins"]
[BlackTeam "Danish Futures"]
[WhiteFideId "495999"]
[BlackFideId "1469207"]
[EventDate "2025.06.11"]
[EventType "team"]

1. d4 Nf6 2. c4 e6 3. a3 c5 4. e3 cxd4 5. exd4 d5 6. Nc3 Nc6 7. Nf3 Be7 8. Be3
O-O 9. Bd3 b6 10. Qc2 dxc4 11. Bxc4 Bb7 12. O-O Na5 13. Be2 Rc8 14. Rac1 Nd5 15.
Qd3 Nxe3 16. Qxe3 Bxf3 17. Bxf3 Bg5 18. Qe2 Bxc1 19. Rxc1 Nb3 20. Rd1 Nxd4 21.
Qe3 Nxf3+ 22. Qxf3 Qe7 23. Re1 Rfd8 24. Qe3 Qd7 25. Qe2 Qd2 26. h3 Qf4 27. Qe3
Qxe3 28. Rxe3 Rd2 29. b4 a6 30. Ne4 Rd4 31. Ng3 a5 32. bxa5 bxa5 33. Ne2 Rd2 34.
Nf4 h6 0-1

[Event "FIDE World Rapid Team"]
[Site "London ENG"]
[Date "2025.06.11"]
[Round "4.1"]
[White "Gurevich, Artjom"]
[Black "Sava, Robert-Gabriel"]
[Result "0-1"]
[BlackTitle "CM"]
[WhiteElo "2183"]
[BlackElo "2121"]
[WhiteTeam "Equity Bank, Kenya"]
[BlackTeam "xChess.AI"]
[WhiteFideId "2603870"]
[BlackFideId "1265725"]
[EventDate "2025.06.11"]
[EventType "team"]

1. d4 e6 2. c4 b6 3. Nf3 Bb7 4. a3 f5 5. g3 Nf6 6. Bg2 g6 7. O-O Bg7 8. Nc3 O-O
9. d5 Qe7 10. dxe6 dxe6 11. Bf4 Na6 12. Be5 Nc5 13. b4 Nce4 14. Qb3 Nxc3 15.
Bxc3 Ne4 16. Bxg7 Qxg7 17. e3 c5 18. Rad1 Rad8 19. h4 h6 20. Rd5 Rd7 21. Rxd7
Re8 22. Rd8 Rxd8 23. Rd1 Qc7 24. Rd3 Rxd3 25. Qxd3 e5 26. Nd2 Nxd2 27. Bxb7 Qxb7
28. Qxd2 Qc7 29. b5 Kg7 30. Qd5 Qe7 31. e4 f4 32. Kg2 g5 33. hxg5 hxg5 34. Kf3
fxg3 35. fxg3 Qc7 36. Kg4 Kf6 37. Qc6+ Qxc6 38. bxc6 Ke6 39. a4 a6 40. Kxg5 b5
41. axb5 axb5 42. cxb5 c4 43. Kh6 c3 44. b6 c2 45. g4 c1=Q+ 46. g5 Kf7 47. c7
Qh1# 0-1

[Event "FIDE World Rapid Team"]
[Site "London ENG"]
[Date "2025.06.11"]
[Round "4.2"]
[White "Rusu, Lucas"]
[Black "Andiwoh, Moses"]
[Result "1-0"]
[WhiteElo "2038"]
[BlackElo "1796"]
[WhiteTeam "xChess.AI"]
[BlackTeam "Equity Bank, Kenya"]
[WhiteFideId "42206472"]
[BlackFideId "10801502"]
[EventDate "2025.06.11"]
[EventType "team"]

1. e4 d5 2. exd5 Nf6 3. Bb5+ Nbd7 4. c4 a6 5. Ba4 b5 6. cxb5 Nxd5 7. d4 N7b6 8.
bxa6+ Nxa4 9. Qxa4+ Bd7 10. Qc4 e6 11. Nf3 Qb8 12. a3 Bb5 13. Qc2 Rxa6 14. Bd2
Bd6 15. Nc3 Nb4 16. Qb3 Nd3+ 17. Kf1 Ra5 18. Nxb5 Qxb5 19. Qxb5+ Rxb5 20. b4 Ke7
21. Ke2 Nb2 22. a4 Rb7 23. Rhb1 Nc4 24. Bc3 Nb6 25. b5 Nd5 26. Bd2 Rhb8 27. Rc1
Ra7 28. Kd3 f6 29. g3 Kd7 30. h4 h5 31. Ng1 Bb4 32. Ne2 Bxd2 33. Kxd2 Rba8 34.
Rc4 Nb6 35. Rc6 Rxa4 36. Rac1 Nd5 37. R1c2 Ra2 38. Rc4 Rxc2+ 39. Rxc2 Ra3 40.
Rb2 Rf3 41. Ke1 Rd3 42. Kf1 Kc8 43. Kg2 Kb7 44. Kf1 Kb6 45. Kg2 Ne7 46. Nf4 Rxd4
47. Nxe6 Rg4 48. Nf4 Ng6 49. Nxh5 Ne5 50. f3 Rg6 51. Nf4 Rh6 52. h5 Nc4 53. Rb4
Kc5 54. Rb1 Rh8 55. Ne6+ Kb6 56. Nxg7 Rh7 57. Ne8 Rxh5 58. Nxf6 Rf5 59. Nd7+ Ka5
60. g4 Rf7 61. Nb8 Nd6 62. Nc6+ Kb6 63. Nd4 Rf4 64. Rd1 Nxb5 65. Nxb5 Kxb5 66.
Kg3 Rf8 67. g5 c5 68. f4 c4 69. Kg4 c3 70. f5 Kc5 71. f6 c2 72. Rc1 Kd5 73. Rxc2
Ke6 74. Rc7 Rh8 75. Re7+ Kd6 76. Re1 1-0

[Event "FIDE World Rapid Team"]
[Site "London ENG"]
[Date "2025.06.11"]
[Round "4.3"]
[White "Mutisya, Jully"]
[Black "Badescu, Matei-Andrei"]
[Result "0-1"]
[WhiteTitle "WCM"]
[WhiteElo "1822"]
[BlackElo "1947"]
[WhiteTeam "Equity Bank, Kenya"]
[BlackTeam "xChess.AI"]
[WhiteFideId "10814922"]
[BlackFideId "42213096"]
[EventDate "2025.06.11"]
[EventType "team"]

1. d4 d5 2. Nf3 Nf6 3. Bf4 e6 4. e3 Bd6 5. Bg3 O-O 6. Bd3 b6 7. Nbd2 c5 8. c3
Bb7 9. Ne5 Nc6 10. f4 Ne7 11. Qf3 Nf5 12. Bf2 Be7 13. g4 Nd6 14. Qh3 Nfe4 15. g5
Qc8 16. Qg2 a5 17. h4 Ba6 18. Bc2 b5 19. h5 b4 20. g6 fxg6 21. hxg6 h6 22. Nxe4
Nxe4 23. Bxe4 dxe4 24. c4 cxd4 25. exd4 Rxf4 26. Be3 Rf5 27. Nf7 Qxc4 28. Bxh6
Bh4+ 29. Kd1 Qxd4+ 30. Qd2 Be2+ 31. Kc1 Rc8+ 32. Qc2 Rxc2+ 33. Kxc2 Qd3+ 34. Kc1
Rc5# 0-1

[Event "FIDE World Rapid Team"]
[Site "London ENG"]
[Date "2025.06.11"]
[Round "4.4"]
[White "Sava, Christiansen-Danut-Eugen"]
[Black "Kabugu, Njagi"]
[Result "1-0"]
[WhiteTitle "FM"]
[WhiteElo "2002"]
[BlackElo "1682"]
[WhiteTeam "xChess.AI"]
[BlackTeam "Equity Bank, Kenya"]
[WhiteFideId "1210114"]
[BlackFideId "10806075"]
[EventDate "2025.06.11"]
[EventType "team"]

1. d4 d5 2. c4 c6 3. Nf3 Bg4 4. Ne5 Bh5 5. cxd5 Qxd5 6. Nc3 Qd8 7. Qb3 Qc8 8. g4
Bg6 9. h4 h5 10. Nxg6 fxg6 11. gxh5 Rxh5 12. Qxg8 Nd7 13. Bg5 Nf6 14. Bxf6 exf6
15. Bh3 Qc7 16. Qe6+ Qe7 17. Qxe7+ Bxe7 18. Bg4 Rh6 19. O-O-O Bd6 20. d5 Ke7 21.
dxc6 bxc6 22. Bf3 Rc8 23. Ne4 Bf4+ 24. e3 Be5 25. Nd2 Rhh8 26. Nc4 Ke6 27. Nxe5
Kxe5 28. Rd7 g5 29. h5 f5 30. Rxg7 g4 31. Be2 a5 32. h6 c5 33. h7 c4 34. Rh6 c3
35. b3 Rhd8 36. Bc4 Ke4 37. Kc2 Rd2+ 38. Kxc3 Rxf2 39. h8=Q Rxh8 40. Rxh8 Kxe3
41. Re8+ Kf4 42. Bd3 g3 43. Bxf5 g2 44. Bd3 Rxa2 45. Rf7+ Kg3 46. Rg8+ Kh2 47.
Rh7+ Kg1 48. Be4 a4 49. bxa4 Rf2 50. Rxg2+ 1-0

[Event "FIDE World Rapid Team"]
[Site "London ENG"]
[Date "2025.06.11"]
[Round "4.5"]
[White "Ongono, Victor"]
[Black "Badescu, Eliza-Ioana"]
[Result "0-1"]
[WhiteElo "1560"]
[BlackElo "1832"]
[WhiteTeam "Equity Bank, Kenya"]
[BlackTeam "xChess.AI"]
[WhiteFideId "10805214"]
[BlackFideId "42214890"]
[EventDate "2025.06.11"]
[EventType "team"]

1. e4 c6 2. f4 d5 3. exd5 cxd5 4. d4 Nc6 5. Nf3 Nf6 6. Bb5 Bg4 7. O-O e6 8. c3
Qb6 9. Bd3 Bd6 10. Qe1 O-O 11. Ne5 Bxe5 12. fxe5 Nd7 13. Kh1 Bh5 14. Nd2 Bg6 15.
Bb1 Rae8 16. Nf3 Ne7 17. Ng5 Nf5 18. b3 f6 19. Bxf5 Bxf5 20. exf6 Rxf6 21. Nf3
Qc7 22. Nh4 Bd3 23. Rxf6 Nxf6 24. Nf3 Ne4 25. Bb2 Rf8 26. Qe3 Qf4 27. Qxf4 Rxf4
28. Kg1 Be2 29. Ne5 Ba6 30. c4 Kf8 31. Rf1 Rxf1+ 32. Kxf1 dxc4 33. bxc4 Nd2+ 34.
Kf2 Nxc4 35. Nxc4 Bxc4 36. a3 Ke7 37. Ke3 Kd6 38. Bc3 Kd5 39. h4 Bf1 40. g4 Kd6
41. Kf4 Ke7 42. Ke5 Kf7 43. Kd6 Bg2 44. a4 Bd5 45. Ke5 Kg6 46. Bd2 h5 47. g5 Kf7
48. Ba5 Bc6 49. Bb4 Bxa4 50. Bc5 a6 51. Bb6 Bc6 52. Kd6 Bd5 53. Ke5 Ke7 54. Bc5+
Kd7 55. Bf8 g6 56. Bd6 b5 57. Bb4 Kc6 58. Ba5 Kd7 59. Bb6 Bc4 60. Ba5 Bd3 61.
Bb6 Bf5 62. Ba5 Kc6 63. Bd8 b4 64. Be7 b3 65. Bb4 b2 0-1

[Event "FIDE World Rapid Team"]
[Site "London ENG"]
[Date "2025.06.11"]
[Round "4.6"]
[White "Platschek, Luca"]
[Black "Kuka Kyle"]
[Result "1-0"]
[WhiteElo "1626"]
[BlackElo "1892"]
[WhiteTeam "xChess.AI"]
[BlackTeam "Equity Bank, Kenya"]
[WhiteFideId "1289888"]
[BlackFideId "10831533"]
[EventDate "2025.06.11"]
[EventType "team"]

1. b4 d5 2. Bb2 Nf6 3. e3 Bf5 4. c4 e6 5. a3 Be7 6. Nc3 O-O 7. Nf3 Nbd7 8. Be2
a5 9. c5 axb4 10. axb4 Rxa1 11. Bxa1 Ne4 12. O-O Re8 13. d3 Nxc3 14. Bxc3 Bf6
15. Bxf6 Qxf6 16. Qa4 c6 17. d4 Qd8 18. b5 Qc7 19. b6 Qc8 20. Ra1 e5 21. Nxe5
Nxe5 22. dxe5 Rxe5 23. Qa8 Re8 24. Qxc8 Bxc8 25. Ra8 Kf8 26. Kf1 Be6 27. Ra7 Bc8
28. h3 g6 29. Bg4 f5 30. Bf3 Re7 31. g4 Kf7 32. gxf5 gxf5 33. Kg2 Ke6 34. Kg3
Ke5 35. Ra8 Be6 36. Rd8 Rd7 37. Re8 Rg7+ 38. Kh4 Kf6 39. Rd8 Rd7 40. Rxd7 Bxd7
41. Bg2 Be8 42. f4 Kg6 43. Bf3 Bd7 44. Be2 Be6 45. Bh5+ Kh6 46. Be8 Bc8 47. Kg3
Kg7 48. Bh5 Kf6 49. Bf3 Be6 50. Be2 Bd7 51. Kf2 Kg6 52. Ke1 Kf6 53. Kd2 Ke6 54.
Kc3 Kf6 55. Kd4 Ke6 56. h4 Bc8 1-0

[Event "FIDE World Rapid Team"]
[Site "London ENG"]
[Date "2025.06.12"]
[Round "5.1"]
[White "Erigaisi, Arjun"]
[Black "Anand, Viswanathan"]
[Result "0-1"]
[WhiteTitle "GM"]
[BlackTitle "GM"]
[WhiteElo "2782"]
[BlackElo "2743"]
[WhiteTeam "Team MGD1"]
[BlackTeam "Freedom"]
[WhiteFideId "35009192"]
[BlackFideId "5000017"]
[EventDate "2025.06.11"]
[EventType "team"]

1. d4 Nf6 2. c4 e6 3. Nf3 d5 4. e3 Be7 5. b3 O-O 6. Bd3 c5 7. O-O Nc6 8. Bb2
cxd4 9. exd4 Nb4 10. Be2 b6 11. Nc3 Bb7 12. Rc1 dxc4 13. bxc4 Rc8 14. Ne5 Nd7
15. Nxd7 Qxd7 16. d5 Rfd8 17. a3 Na6 18. Ne4 Nc5 19. Qd4 f6 20. Nxc5 Bxc5 21.
Qg4 f5 22. dxe6 Qe7 23. Qxf5 Rd2 24. Bd3 g6 25. Qe5 Rxb2 26. Qxb2 Qg5 27. g3 Qg4
28. Qf6 Rf8 29. e7 Rxf6 30. e8=Q+ Rf8 31. Qe2 Bf3 0-1

[Event "FIDE World Rapid Team"]
[Site "London ENG"]
[Date "2025.06.12"]
[Round "5.2"]
[White "Mamedov, Rauf"]
[Black "Harikrishna, Pentala"]
[Result "1/2-1/2"]
[WhiteTitle "GM"]
[BlackTitle "GM"]
[WhiteElo "2657"]
[BlackElo "2707"]
[WhiteTeam "Freedom"]
[BlackTeam "Team MGD1"]
[WhiteFideId "13401653"]
[BlackFideId "5007003"]
[EventDate "2025.06.11"]
[EventType "team"]

1. e4 e5 2. Nf3 Nc6 3. Bb5 a6 4. Ba4 Nf6 5. Nc3 Be7 6. O-O b5 7. Bb3 d6 8. a4 b4
9. Nd5 Na5 10. Nxe7 Qxe7 11. d4 O-O 12. Bg5 Bg4 13. dxe5 dxe5 14. h3 Rfd8 15.
Qe2 Nxb3 16. cxb3 Bxf3 17. Qxf3 h6 18. Bxf6 Qxf6 19. Qxf6 gxf6 20. Rfd1 a5 21.
Kf1 Kf8 22. Ke2 Ke7 23. Rxd8 Kxd8 24. g4 c6 25. Ke3 Ke7 26. Rc1 Kd6 27. f4 Rg8
28. Kf3 Re8 29. Kg3 exf4+ 30. Kxf4 Re5 31. h4 Kd7 32. Ke3 h5 33. gxh5 Rxh5 34.
Rh1 Ke7 35. Kf4 Kf8 36. Rh2 Ke7 1/2-1/2

[Event "FIDE World Rapid Team"]
[Site "London ENG"]
[Date "2025.06.12"]
[Round "5.3"]
[White "Anton Guijarro, David"]
[Black "Sevian, Samuel"]
[Result "1/2-1/2"]
[WhiteTitle "GM"]
[BlackTitle "GM"]
[WhiteElo "2642"]
[BlackElo "2687"]
[WhiteTeam "Team MGD1"]
[BlackTeam "Freedom"]
[WhiteFideId "2285525"]
[BlackFideId "2040506"]
[EventDate "2025.06.11"]
[EventType "team"]

1. Nf3 d5 2. c4 d4 3. b4 c5 4. a3 Nd7 5. g3 e5 6. d3 cxb4 7. Bg2 Ngf6 8. O-O
bxa3 9. Qa4 Bd6 10. Bxa3 Bxa3 11. Qxa3 Qe7 12. Qxe7+ Kxe7 13. Ra5 Re8 14. Nxe5
Kf8 15. Nf3 Rxe2 16. Nxd4 Re5 17. Nb5 Nb6 18. d4 Re7 19. c5 Nbd5 20. N1c3 Be6
21. Nxd5 Bxd5 22. Rxa7 Rxa7 23. Nxa7 Rd7 24. Bxd5 Nxd5 25. Nb5 Nb4 26. Rd1 b6
27. Rb1 bxc5 28. dxc5 Nc6 29. Nd6 g6 30. Rb7 Rxb7 31. Nxb7 Ke7 32. f4 Ke6 33.
Kf2 Kd5 34. Ke3 f5 35. h3 Nd4 36. g4 fxg4 37. hxg4 Ne6 38. f5 gxf5 39. gxf5 Nxc5
40. Nxc5 Ke5 41. f6 Kxf6 1/2-1/2

[Event "FIDE World Rapid Team"]
[Site "London ENG"]
[Date "2025.06.12"]
[Round "5.4"]
[White "Martirosyan, Haik M."]
[Black "Mendonca, Leon Luke"]
[Result "1/2-1/2"]
[WhiteTitle "GM"]
[BlackTitle "GM"]
[WhiteElo "2635"]
[BlackElo "2603"]
[WhiteTeam "Freedom"]
[BlackTeam "Team MGD1"]
[WhiteFideId "13306553"]
[BlackFideId "35028561"]
[EventDate "2025.06.11"]
[EventType "team"]

1. d4 d5 2. c4 c6 3. Nf3 Nf6 4. Nc3 dxc4 5. a4 e6 6. e3 c5 7. Bxc4 cxd4 8. exd4
Nc6 9. O-O Be7 10. Qe2 O-O 11. Rd1 Nb4 12. a5 Bd7 13. Ne5 Rc8 14. a6 bxa6 15.
Bxa6 Nxa6 16. Rxa6 Rc7 17. Bf4 Rb7 18. Rda1 Be8 19. Qd2 Nd5 20. Nxd5 Qxd5 21.
Rxa7 Rxa7 22. Rxa7 Bd6 23. Ra5 Qb7 24. Nd3 Bxf4 25. Nxf4 Bc6 26. h4 Rb8 27. Rc5
Be8 28. d5 exd5 29. Nxd5 h6 30. b4 Kh8 31. Qf4 Rd8 32. Qc7 Qa8 33. Ra5 Qb8 34.
f3 Bd7 35. Ra7 Be6 36. Nf4 Bb3 37. Kh2 Qxc7 38. Rxc7 Rd4 39. Kg3 Rxb4 40. Nd3
Rb5 41. Nc5 Be6 42. Nxe6 fxe6 43. Re7 Rb6 44. Re8+ Kh7 45. h5 Rb5 46. Kh4 Rb2
47. g4 Rb3 48. Kg3 Rb6 49. Kf4 Rb4+ 50. Ke5 Rb3 51. Rf8 Re3+ 52. Kf4 Re1 53. Re8
Re2 54. Kg3 e5 55. Kh3 Rf2 56. Kg3 Re2 57. Re6 Kg8 58. Re7 Kf8 59. Ra7 Kg8 60.
Ra4 Kf7 61. Rb4 Ke7 62. Rb6 Kf7 63. Rg6 Ra2 64. Rc6 Re2 65. Rb6 Ke7 66. Rb7+ Kf6
67. Ra7 Rb2 68. Ra8 Kf7 69. Ra7+ 1/2-1/2

[Event "FIDE World Rapid Team"]
[Site "London ENG"]
[Date "2025.06.12"]
[Round "5.5"]
[White "Tsolakidou, Stavroula"]
[Black "Muzychuk, Anna"]
[Result "1/2-1/2"]
[WhiteTitle "IM"]
[BlackTitle "GM"]
[WhiteElo "2428"]
[BlackElo "2535"]
[WhiteTeam "Team MGD1"]
[BlackTeam "Freedom"]
[WhiteFideId "4264312"]
[BlackFideId "14111330"]
[EventDate "2025.06.11"]
[EventType "team"]

1. e4 e5 2. Nf3 Nc6 3. d4 exd4 4. Nxd4 Nf6 5. Nxc6 bxc6 6. Bd3 d5 7. exd5 cxd5
8. O-O Be7 9. h3 O-O 10. Nd2 h6 11. b3 c5 12. Re1 Re8 13. Bb2 Rb8 14. Be5 Rb6
15. Qf3 Bf8 16. Bc3 Rxe1+ 17. Rxe1 Rd6 18. Nf1 d4 19. Bd2 Be6 20. Bf4 Bd5 21.
Qd1 Re6 22. Nd2 Bd6 23. Bxd6 Qxd6 24. Nc4 Qe7 25. Rxe6 Qxe6 26. Qe2 Qxe2 27.
Bxe2 Kf8 28. Nd2 Ke7 29. Bd3 Kd6 30. h4 Nd7 31. Kf1 Ne5 32. Bb5 g5 33. hxg5 hxg5
34. g3 f5 35. Ke2 Ke6 36. a4 Kd6 37. Ba6 Be6 38. Bb5 Bd5 39. Ba6 Be6 1/2-1/2

[Event "FIDE World Rapid Team"]
[Site "London ENG"]
[Date "2025.06.12"]
[Round "5.6"]
[White "Mani, Sarbartho"]
[Black "Atharvaa P Tayade"]
[Result "0-1"]
[WhiteElo "1847"]
[BlackElo "1956"]
[WhiteTeam "Freedom"]
[BlackTeam "Team MGD1"]
[WhiteFideId "366112022"]
[BlackFideId "25042955"]
[EventDate "2025.06.11"]
[EventType "team"]

1. e4 c5 2. Nf3 d6 3. d4 cxd4 4. Nxd4 Nf6 5. Nc3 Nc6 6. Be2 e5 7. Nb3 Be7 8. O-O
Be6 9. Bg5 O-O 10. Bxf6 Bxf6 11. Nd5 Bg5 12. Bg4 Qd7 13. Bxe6 fxe6 14. Qg4 Bh6
15. Rad1 Rad8 16. Nc3 Rf4 17. Qe2 Qf7 18. a3 a6 19. Rd3 d5 20. exd5 exd5 21.
Rfd1 Rf8 22. Rf1 d4 23. Ne4 Qg6 24. f3 Rh4 25. g3 Be3+ 26. Rxe3 dxe3 27. Qxe3
Rhf4 28. Kg2 R4f7 29. c3 Ne7 30. Qg5 Qb6 31. Ned2 Nf5 32. Re1 h6 33. Qh5 Ne3+
34. Kh1 Rf5 35. Qh4 Nd5 36. Qc4 Qe6 37. Nc5 Qf7 38. Qe4 Rd8 39. Re2 g6 40. c4
Nf6 41. Qxb7 Qxb7 42. Nxb7 Rb8 43. Nd6 Rxb2 44. Nxf5 gxf5 45. Kg2 e4 46. Kf2 Rc2
47. c5 exf3 48. Nxf3 Rxc5 49. Re6 Ng4+ 50. Kg2 Rc2+ 51. Kh3 Rf2 52. Rxa6 Rxf3
53. Kh4 Kg7 54. Ra7+ Kg6 55. Ra6+ Nf6 56. a4 Ra3 57. Kh3 Kg5 58. Ra7 Ng4 59. Kg2
Ra2+ 60. Kg1 Nxh2 61. a5 Nf3+ 62. Kf1 Kg4 63. Rg7+ Kh3 64. Rg6 Rxa5 65. Rxh6+
Kxg3 66. Rg6+ Kf4 67. Rb6 Ra1+ 68. Kg2 Ng5 69. Rb2 Ne4 70. Rc2 Rd1 71. Rc4 Rd2+
72. Kh3 Ke3 0-1